[Event "3rd HoliCup Lake City 2019"]
[Site "Udaipur"]
[Date "2019.03.29"]
[Round "4.3"]
[White "Falgun, D Purohit"]
[Black "Harikrishnan.A.Ra"]
[Result "0-1"]
[WhiteElo "1727"]
[BlackElo "2413"]
[Annotator "TA"]
[PlyCount "92"]
[EventDate "2019.??.??"]
[EventCountry "IND"]
[SourceTitle "playchess.com"]
[Source "ChessBase"]
[SourceQuality "1"]

{[%evp 17,92,0,10,8,9,6,15,0,8,0,22,9,20,0,20,0,11,0,0,0,20,19,20,22,37,16,18,0,0,-22,-24,-20,-23,-137,-141,-246,-244,-225,-230,-239,-230,-272,-263,-260,-271,-287,-283,-472,-477,-458,-329,-346,-333,-407,-402,-391,-387,-29959,-29959,-29954,-29953,-29958,-6137,-5110,-1870,-12651,-12438,-12438,-5367,-5581,-5169,-5125,-5118,-29962,-12847,-29986,-29987]} 1. e4 e6 2. d4 d5 3. Nc3 Nf6 4. e5 Nfd7 5. f4 c5 6. Nf3 Nc6 7. Be3 a6 8. Qd2 b5 9. dxc5 Bxc5 10. Bd3 {C11: French: Classical System: 4 e5 and 4 Bg5 dxe4} (10. Ne2 O-O 11. Ned4 Qb6 12. c3 b4 13. Bd3 a5 14. O-O Ba6 15. Kh1 Bxd3 16. Qxd3 Qa6 17. Qc2 bxc3 18. bxc3 {½-½ (31) Dominguez Perez,L (2739)-So,W (2788) Saint Louis 2017}) 10... Qb6 11. Bf2 h6 12. O-O {The position is equal.} Bb7 13. a3 Rc8 14. Bxc5 $146 ({Predecessor:} 14. Rae1 Bxf2+ 15. Rxf2 Ne7 16. b4 Qc7 17. Ne2 Nb6 {1-0 (38) Senzacqua,F (2137)-Oren,I (2259) ICCF email 2016}) 14... Qxc5+ 15. Qf2 Ke7 16. Ne2 Qxf2+ 17. Kxf2 g5 18. g3 gxf4 19. gxf4 f6 {[%cal Rf6e5]} 20. exf6+ Nxf6 21. h3 Kd6 22. Ned4 Nh5 23. Nxc6 Bxc6 24. Ke3 $1 Rcf8 $36 {[%mdl 2048] Black has good play.} 25. Nh4 (25. Nd4 $11) 25... Rhg8 $17 26. Rg1 {[#]} (26. Ng6 $17 Rf6 27. Rg1) 26... d4+ $1 $19 {[%mdl 512]} 27. Kd2 (27. Kxd4 Rxg1) 27... Rxg1 28. Rxg1 Rxf4 29. Rg4 Rxg4 30. hxg4 {[%mdl 4096] Endgame KBN-KBN} Nf6 31. Be2 Be4 32. c3 $2 (32. Nf3 e5 33. Nh4) 32... Ke5 33. cxd4+ Kxd4 34. b3 Nd5 35. a4 bxa4 36. bxa4 a5 37. Nf3+ $2 {[#]} (37. Bd1 $19) 37... Bxf3 $1 38. Bxf3 {KB-KN} e5 39. Be2 e4 (39... Nc3 $142 40. Ba6 Nxa4 41. Kc2 Nc3 42. Bc8 e4 43. Ba6 e3 44. Bd3 e2 45. Bxe2 Nxe2 46. Kd2 Nf4 47. Kc2 a4 48. Kb1 Kc3 49. Ka2 Kb4 50. Kb2 a3+ 51. Kc2 Ne6 52. Kc1 Kb3 53. Kd2 a2 54. Kd3 a1=Q 55. Ke4 Qd4+ 56. Kf5 Ng5 57. Kg6 Qe5 58. Kxh6 Qf6+ 59. Kh5 Ne6 60. g5 Qxg5#) 40. Bb5 Nc3 41. Bd7 e3+ 42. Ke1 Ke4 43. Kf1 Kf3 44. Ke1 Na2 45. Be6 Nb4 {( -> ...Nd3+)} 46. Bf5 e2 {Accuracy: White = 23%, Black = 79%.} 0-1

[Event "3rd HoliCup Lake City 2019"]
[Site "Udaipur"]
[Date "2019.03.29"]
[Round "4.4"]
[White "Rajesh, V A V"]
[Black "Nirgun, Keval"]
[Result "1-0"]
[WhiteElo "2413"]
[BlackElo "1779"]
[Annotator "TA"]
[PlyCount "101"]
[EventDate "2019.??.??"]
[EventCountry "IND"]
[SourceTitle "playchess.com"]
[Source "ChessBase"]
[SourceQuality "1"]

{[%evp 25,101,83,65,57,56,47,54,34,89,86,168,174,170,171,177,135,432,420,650,647,629,631,595,297,852,737,2275,392,494,386,917,918,883,861,866,868,818,768,856,631,734,742,739,747,718,751,745,747,733,739,758,627,759,735,785,760,932,912,1041,1020,1002,987,951,929,1324,1293,1626,1577,1665,1482,5539,5531,29986,29987,29988,29989,29989,29990]} 1. d4 Nf6 2. c4 e6 3. Nc3 Bb4 4. e3 O-O 5. Bd3 c5 6. Nge2 d5 7. cxd5 exd5 8. O-O Nc6 9. a3 Bxc3 10. bxc3 c4 11. Bc2 Re8 12. f3 b5 13. Ng3 {E49: Nimzo-Indian: Rubinstein: 5 Bd3 d5 6 a3 Bxc3+ 7 bxc3} h5 {LiveBook: 3 Games} (13... a5 14. Kh1 Rb8 15. e4 Ne7 16. Bg5 Nd7 17. Bxe7 Qxe7 18. Nf5 Qf8 19. e5 Rd8 20. f4 Nb6 {1-0 (29) Martinovic,S (2570)-Topak,E (2206) Split 2017}) 14. Re1 h4 15. Nh1 {White is slightly better.} a5 16. Nf2 $146 ({Predecessor:} 16. e4 dxe4 17. fxe4 Bg4 18. Qd2 b4 19. axb4 axb4 20. Rxa8 Qxa8 {1-0 (48) Trofimov,N (2263)-Gromov,S (2247) ICCF email 2014}) 16... Be6 ({Better is} 16... Bd7 $14) 17. e4 $16 {[%cal Be3e4,Be4f5,Bf5f6][%mdl 32]} Nd7 {[#]} (17... b4 $16) 18. f4 $1 $18 f5 19. exf5 Bf7 20. Be3 Nb6 $2 {[%mdl 8192]} (20... b4 $16) 21. Ng4 b4 {[#]} (21... Nd7 $142 22. Ne5 Ne7) 22. f6 $1 {[%mdl 512]} b3 {[#]} (22... gxf6 23. Nh6+) 23. Nh6+ $1 {[%mdl 512]} Kf8 (23... gxh6 24. Qg4+) 24. Nxf7 (24. fxg7+ $142 Kxg7 25. Nxf7) 24... Kxf7 $2 (24... bxc2 25. Qg4 Qxf6) 25. Qh5+ Kxf6 26. Qg6+ (26. Bf2 $142 {[%csl Gc2][%cal Rh5g6]} Rxe1+ 27. Rxe1 bxc2 28. f5) 26... Ke7 27. Bf5 (27. Qxc6 bxc2 28. Qg6 Kf8 $16) 27... Qc7 $2 (27... Kf8 28. Qxc6 Qf6 29. Qxf6+ gxf6) 28. Qxg7+ Kd8 29. Qf6+ Ne7 30. Bf2 {aiming for Rxe7!} Nd7 31. Qg5 Ra6 32. Rxe7 Rxe7 33. Qg8+ Re8 34. Bxh4+ Nf6 35. Qxd5+ $1 Ke7 36. Qe5+ Qxe5 37. fxe5 Kf7 38. Bxf6 Rb8 39. Rb1 b2 40. Be4 Rb3 41. Bd5+ Ke8 42. Bxc4 Rxc3 43. Bb5+ Kf7 44. Rxb2 Ra7 45. a4 Rc1+ 46. Kf2 Ke6 47. Be2 Rh7 48. Rb6+ Kd5 49. Bf3+ {White mates.} Kxd4 50. e6+ Kd3 51. Rd6+ {Precision: White = 67%, Black = 41%.} 1-0

[Event "3rd HoliCup Lake City 2019"]
[Site "Udaipur"]
[Date "2019.03.29"]
[Round "4.5"]
[White "Pingale, Shivraj"]
[Black "Sauravh, Khherdekar"]
[Result "1/2-1/2"]
[WhiteElo "1600"]
[BlackElo "2272"]
[Annotator "TA"]
[PlyCount "97"]
[EventDate "2019.??.??"]
[EventCountry "IND"]
[SourceTitle "playchess.com"]
[Source "ChessBase"]
[SourceQuality "1"]

{[%evp 11,97,0,25,0,0,0,0,-39,-7,-6,0,-69,-85,-87,-63,-60,-29,-25,-18,-48,-24,-22,0,0,8,-14,-14,-13,0,-11,-4,-17,-12,-14,0,-35,-35,-68,-39,-105,-79,-89,-88,-77,-19,-38,-18,-33,-11,-42,0,0,0,0,0,0,0,0,0,0,0,0,0,0,0,0,0,0,0,0,0,0,0,0,0,0,0,0,0,0,0,0,0,0,0,0,0,-5514]} 1. e4 g6 2. d4 Bg7 3. f4 c5 4. c3 cxd4 5. cxd4 d5 6. e5 Nc6 7. Nc3 {B06: Modern Defence} Nh6 8. Nf3 (8. Be2 O-O 9. Nf3 Bg4 10. Be3 e6 11. O-O Bxf3 12. Bxf3 f6 13. exf6 Qxf6 14. g4 Nf7 {0-1 (49) Rodshtein,M (2699)-Kuzmicz,K (2460) Katowice 2017}) 8... Bg4 9. Be2 Bxf3 10. Bxf3 e6 11. O-O (11. Be3 $11) 11... Nf5 $15 12. Ne2 $146 ({Predecessor:} 12. Nb5 h5 13. Nd6+ Nxd6 14. exd6 Bxd4+ 15. Kh1 Qxd6 16. Rb1 a5 17. a3 Bg7 18. Re1 O-O 19. Be3 {0-1 (19) Kolomytchenko,I (1694)-Kurpnieks,V (1964) LSS email 2014}) 12... Qb6 13. Kh1 O-O 14. g4 Nh4 15. Rb1 Nxf3 (15... f6 {is interesting.} 16. exf6 Bxf6 17. Be3 Rac8 18. b4 a6) 16. Rxf3 f5 17. g5 Rac8 18. b3 Rf7 19. Bb2 Rfc7 20. Rc1 Bf8 21. Rfc3 Nb4 22. Rxc7 Rxc7 23. Rxc7 Qxc7 24. Nc3 Nc6 25. a3 (25. Ne2 $15) 25... Qb6 26. Na4 Qa6 27. Kg2 b5 (27... Na5 $17) 28. Nc5 Bxc5 29. dxc5 b4 30. a4 $1 h5 31. h4 {The position is equal.} Kf7 32. Kf2 Ke8 33. Ke3 Kd7 34. Qe1 Kc7 35. Bd4 Qb7 36. Qe2 a6 37. Qc2 Na5 38. Qd3 Qc6 39. Qc2 Nb7 40. Qd2 a5 41. Qc2 Qa6 42. Qc1 Nd8 43. Qd1 Nc6 44. Qe1 Nb8 45. Qd1 Kc6 46. Qe1 Kb7 47. Qd1 Nc6 48. Qe1 Kc7 49. Qc1 $2 {[%mdl 40960] Accuracy: White = 60%, Black = 62%. . An unexpected result.} (49. Qf2 $11) 1/2-1/2

[Event "3rd HoliCup Lake City 2019"]
[Site "Udaipur"]
[Date "2019.03.29"]
[Round "4.6"]
[White "Lokesh, N.."]
[Black "Jatinder, Kapoor"]
[Result "1-0"]
[WhiteElo "2157"]
[BlackElo "1756"]
[Annotator "TA"]
[PlyCount "39"]
[EventDate "2019.??.??"]
[EventCountry "IND"]
[SourceTitle "playchess.com"]
[Source "ChessBase"]
[SourceQuality "1"]

{[%evp 18,39,8,53,349,318,516,532,1716,1725,1696,1695,1788,1810,1795,1795,1627,964,29994,29995,29997,29998,29998,29999]} 1. e4 c5 2. Nc3 d6 3. f4 Nc6 4. Bc4 g6 5. Nf3 Bg7 6. O-O e6 7. d3 Nge7 8. Qe1 O-O 9. f5 exf5 10. Qh4 Nd4 $2 {[%mdl 8192] B23: Closed Sicilian: Lines without g3} (10... h5 $14) (10... b5 11. Nxb5 Ne5 12. Bg5 Re8 13. Nxe5 Bxe5 14. exf5 Bxf5 15. g4 Be6 16. Bxe6 fxe6 17. Rf7 Kxf7 18. Qxh7+ {1-0 (31) Adly,A (2595)-Moreby,J (2192) Menton 2016}) 11. Bg5 $18 Re8 $2 (11... h6 {keeps fighting.}) 12. Nd5 Ndc6 {White is clearly winning.} 13. Nf6+ Bxf6 14. Bxf6 h5 15. Qg5 {[#] Threatening mate with Qh6.} Kh7 16. Bxf7 Rg8 17. Nh4 Qc7 18. exf5 {White mates.} Bxf5 19. Rxf5 Ne5 $146 {[#]} 20. Qxh5+ $1 {[%mdl 512]} 1-0

[Event "3rd HoliCup Lake City 2019"]
[Site "Udaipur"]
[Date "2019.03.29"]
[Round "4.7"]
[White "Bhat, Sanjay"]
[Black "Manigandan, S S"]
[Result "*"]
[WhiteElo "1592"]
[BlackElo "2157"]
[Annotator "TA"]
[PlyCount "51"]
[EventDate "2019.??.??"]
[EventCountry "IND"]
[SourceTitle "playchess.com"]
[Source "ChessBase"]
[SourceQuality "1"]

{[%evp 20,51,9,1,4,-9,0,-12,-11,-18,-14,-41,-29,-54,0,-28,-8,-36,29,-37,39,0,31,-27,-37,-41,20,-49,83,-79,81,-316,-314,-463]} 1. c4 Nf6 2. Nc3 c5 3. g3 Nc6 4. Bg2 g6 5. e4 d6 6. Nge2 Bg7 7. O-O O-O 8. d3 a6 9. Rb1 Rb8 10. a4 Ne8 11. Be3 e5 {A36: Symmetrical English vs ...g6: 4 Bg2 Bg7} (11... Nc7 12. d4 cxd4 13. Nxd4 Ne6 14. Nde2 Nc5 15. b4 Nd7 16. f4 a5 17. b5 Nb4 18. Nd5 Nc5 19. Nxb4 axb4 20. Rxb4 {0-1 (53) Eljanov,P (2711)-Amonatov,F (2636) Riadh 2017}) 12. Qd2 Nc7 13. Bh6 b5 $146 {The position is equal.} ({Predecessor:} 13... Be6 14. Bxg7 Kxg7 15. f4 f6 16. Nd5 b5 17. b3 Nd4 18. Nxd4 cxd4 19. Nb4 {1-0 (58) Foisor,M (2155)-Paulet,I (2342) Eforie Nord 2009}) 14. Bxg7 Kxg7 15. axb5 axb5 16. Nd5 Be6 (16... bxc4 $15 17. dxc4 Nxd5 18. cxd5 Nd4) 17. f4 f6 18. Ra1 Qd7 (18... bxc4 $15 19. dxc4 Rf7) 19. h3 (19. f5 $11 gxf5 20. Nxc7 Qxc7 21. exf5) 19... Ne7 (19... bxc4 $15 20. dxc4 Rb7) 20. g4 Nc6 21. Nxc7 ({White should try} 21. f5 $14 Bxd5 22. cxd5) 21... Qxc7 $11 22. f5 {[#] cxb5 is the strong threat.} Bc8 ({Better is} 22... Bf7 $15 23. b3 g5) 23. Ra2 (23. cxb5 $11 Rxb5 24. Nc3) 23... Bb7 (23... bxc4 $15 {stays ahead.} 24. dxc4 Nd4) 24. Rfa1 $2 (24. cxb5 $16 Nb4 25. Ra3 (25. Ra7 Qb6 $11)) 24... Rfd8 $2 (24... bxc4 $17 {and life is bright.} 25. dxc4 Ra8) 25. Ra5 $2 {[%mdl 8192]} (25. cxb5 $16 Nb4 26. Ra7) 25... Nxa5 $19 26. Qxa5 {Accuracy: White =  6%, Black = 17%.} (26. Rxa5 {only move.} Bc6 27. cxb5 Rxb5 28. Rxb5 Bxb5 29. h4) *

[Event "3rd HoliCup Lake City 2019"]
[Site "Udaipur"]
[Date "2019.03.29"]
[Round "4.8"]
[White "Sharma, Harsh Yogesh"]
[Black "Pandey, Srishti"]
[Result "0-1"]
[WhiteElo "1582"]
[BlackElo "2020"]
[Annotator "NA"]
[PlyCount "98"]
[EventDate "2019.??.??"]
[EventCountry "IND"]
[SourceTitle "playchess.com"]
[Source "ChessBase"]
[SourceQuality "1"]
[TimeControl "5400+30"]

1. Nf3 {[%emt 0:00:05]} Nf6 {[%emt 0:00:15]} 2. g3 {[%emt 0:01:06]} b5 {[%emt 0:01:46]} 3. Bg2 {[%emt 0:00:23]} Bb7 {[%emt 0:00:08]} 4. O-O {[%emt 0:00:11]} e6 {[%emt 0:00:24]} 5. d4 {[%emt 0:01:31]} Be7 {[%emt 0:00:28]} 6. b3 {[%emt 0:03:51] A46: 1 d4 Nf6 2 Nf3 e6: Torre, London and Colle Systems} (6. Bg5 d5 7. Nbd2 Nbd7 8. c3 c5 9. a4 a6 10. dxc5 Nxc5 11. axb5 axb5 12. Rxa8 Bxa8 13. Nd4 Qb6 14. e3 {½-½ (38) Kovacevic,B (2497)-Lenic,L (2657) Slovenia 2018}) 6... O-O {[%emt 0:05:26]} 7. Bb2 {[%emt 0:02:11]} d6 {[%emt 0:04:02]} 8. Nbd2 {[%emt 0:01:29]} Nbd7 {[%emt 0:02:02]} 9. c4 {[%emt 0:00:19]} a6 {[%emt 0:04:12]} 10. Re1 {[%emt 0:03:47]} c5 {[%emt 0:02:09]} 11. e4 $146 {[%emt 0:01:12]} ({Predecessor:} 11. Nh4 Bxg2 12. Nxg2 Qb6 13. e3 d5 14. cxd5 Nxd5 15. dxc5 Nxc5 {1-0 (69) Marson,J (2055)-Mameli,G (2015) Cagliari 2018}) 11... cxd4 {[%emt 0:06:56]} 12. Nxd4 {[%emt 0:00:53]} Nc5 {[%emt 0:05:05]} 13. cxb5 {[%emt 0:02:24]} axb5 {[%emt 0:03:48]} 14. e5 {[%emt 0:11:30]} Nd5 {[%emt 0:18:08]} 15. exd6 {[%emt 0:02:13]} Bf6 {[%emt 0:04:35]} 16. Ne4 {[%emt 0:02:03]} Nxe4 {[%emt 0:01:14]} 17. Bxe4 {[%emt 0:00:13]} Qxd6 {[%emt 0:02:40]} 18. Nxb5 {[%emt 0:02:27]} Qb6 {[%emt 0:00:19]} 19. Bxf6 {[%emt 0:01:27]} Nxf6 {[%emt 0:00:02]} 20. Bxb7 {[%emt 0:01:01]} Qxb7 {[%emt 0:00:04]} 21. a4 {[%emt 0:00:43]} Rfd8 {[%emt 0:04:26]} 22. Qe2 {[%emt 0:01:32]} Nd5 {[%emt 0:01:43]} 23. Rac1 {[%emt 0:01:11]} Qe7 {[%emt 0:01:57]} 24. Rc4 {[%emt 0:01:00]} h6 {[%emt 0:01:24]} 25. Rec1 {[%emt 0:01:03]} Qg5 {[%emt 0:02:58]} 26. Nc7 {[%emt 0:06:11]} Rab8 {[%emt 0:02:44]} 27. Qf3 {[%emt 0:01:47]} Nb4 {[%emt 0:03:46]} 28. R1c3 {[%emt 0:01:17]} Qd2 {[%emt 0:01:46]} 29. Nb5 {[%emt 0:00:35]} Nd3 {[%emt 0:02:44]} 30. Rc7 Ne5 {[%emt 0:00:42]} 31. Qe4 {[%emt 0:04:17]} Nd3 {[%emt 0:02:01]} 32. Qf3 $11 {[%emt 0:00:40]} f5 {[%emt 0:04:13]} 33. Rc2 {[%emt 0:11:19]} Qe1+ {[%emt 0:00:42]} 34. Kg2 {[%emt 0:00:13]} Qe5 {[%emt 0:00:43]} 35. Qe2 {[%emt 0:09:52]} Qd5+ {[%emt 0:00:26]} 36. Kg1 {[%emt 0:00:31]} Qxb3 {[%emt 0:01:02]} 37. Rd2 {[%emt 0:04:22]} Qd5 {[%emt 0:04:20]} 38. Rcc2 {[%emt 0:02:02]} e5 {[%emt 0:01:00]} 39. Nc7 {[%emt 0:00:49]} Qd6 {[%emt 0:00:34]} 40. Ne6 {[%emt 0:02:12]} Rb1+ {[%emt 0:00:58]} 41. Kg2 {[%emt 0:00:55]} Qd5+ {[%emt 0:01:55]} 42. Kh3 {[%emt 0:01:41]} Rg1 {[%emt 0:03:26]} 43. f3 {[%emt 0:00:43]} Qxe6 {[%emt 0:01:14]} 44. Rxd3 {[%emt 0:00:10]} Re8 {[%emt 0:00:38]} 45. Rd1 {[%emt 0:01:06]} f4+ {[%emt 0:00:35]} 46. g4 {[%emt 0:00:23]} Rxd1 {[%emt 0:00:03]} 47. Qxd1 {[%emt 0:00:08]} h5 {[%emt 0:00:39]} 48. Qg1 {[%emt 0:04:04]} e4 {[%emt 0:00:43]} 49. fxe4 {[%emt 0:00:41]} Qb3+ {[%emt 0:00:12]} 0-1

[Event "3rd HoliCup Lake City 2019"]
[Site "Udaipur"]
[Date "2019.03.29"]
[Round "4.9"]
[White "Arun, Rathi"]
[Black "Bhogal, Rupesh"]
[Result "1-0"]
[WhiteElo "1939"]
[BlackElo "1748"]
[Annotator "NA"]
[PlyCount "115"]
[EventDate "2019.??.??"]
[EventCountry "IND"]
[SourceTitle "playchess.com"]
[Source "ChessBase"]
[SourceQuality "1"]
[TimeControl "5400+30"]

1. Nf3 {[%emt 0:01:17]} d6 {[%emt 0:00:00]} 2. d4 {[%emt 0:00:33]} Nf6 {[%emt 0:00:00]} 3. g3 {[%emt 0:00:21]} g6 {[%emt 0:00:19]} 4. b3 {[%emt 0:01:53]} Bg7 {[%emt 0:00:04]} 5. Bb2 {[%emt 0:00:05]} O-O {[%emt 0:01:00]} 6. Bg2 {[%emt 0:00:03]} Nbd7 {[%emt 0:01:05]} 7. O-O {[%emt 0:00:22]} Re8 {[%emt 0:04:04]} 8. Nbd2 {[%emt 0:07:50]} e5 {[%emt 0:01:17] A49: 1 d4 Nf6 2 Nf3 g6 3 g3: Anti-King's Indian systems} 9. dxe5 {[%emt 0:00:34]} dxe5 {[%emt 0:00:46]} 10. e4 {[%emt 0:00:47]} Nh5 {[%emt 0:01:42]} (10... b6 11. Nc4 Bb7 12. Nfd2 Nc5 13. Re1 Nfd7 14. a4 a5 15. Nf1 Ne6 16. Nfe3 Ndc5 17. Bxe5 Bxe4 18. Nd5 Bxe5 19. Nxe5 {1-0 (75) Mareco,S (2644)-Krysa,L (2545) Buenos Aires 2017}) 11. a4 $146 {[%emt 0:08:24]} ({Predecessor:} 11. Nc4 Qe7 12. a4 f6 13. Ne3 Nf8 14. Nd5 Qf7 15. Nd2 Bh6 16. Nc4 Be6 17. Qe1 Bxd5 18. exd5 {½-½ (26) Talpa,P (1825)-Skaroupka,J (2105) Morava 1997}) 11... Nc5 {[%emt 0:05:02]} 12. Qe2 {[%emt 0:05:34]} Bd7 {[%emt 0:04:53]} 13. Nc4 {[%emt 0:07:17]} f6 {[%emt 0:01:54]} 14. Rfd1 {[%emt 0:00:35]} Qc8 {[%emt 0:00:37]} 15. Ba3 {[%emt 0:08:00]} Ne6 {[%emt 0:05:45]} (15... Na6 $142) 16. Rd2 {[%emt 0:03:20]} (16. Qd3 $16 Bc6 17. Na5) 16... Bh6 {[%emt 0:04:10]} 17. Rdd1 {[%emt 0:04:12]} (17. Rd3 $14) 17... Nef4 {[%emt 0:02:52]} 18. gxf4 {[%emt 0:11:07]} Nxf4 {[%emt 0:00:02]} 19. Qf1 {[%emt 0:00:20]} Nxg2 {[%emt 0:08:08]} 20. Rxd7 {[%emt 0:01:39]} Qxd7 {[%emt 0:03:43]} 21. Qxg2 {[%emt 0:00:11]} a6 {[%emt 0:01:27]} 22. a5 {[%emt 0:01:07]} Rad8 {[%emt 0:00:45]} 23. Ne1 {[%emt 0:05:16]} Qc6 {[%emt 0:04:42]} 24. Nd3 {[%emt 0:02:35]} b5 {[%emt 0:07:06]} 25. axb6 {[%emt 0:00:07]} cxb6 {[%emt 0:00:02]} 26. Nb4 {[%emt 0:00:59]} Qe6 {[%emt 0:02:35]} 27. Nd5 {[%emt 0:03:18]} b5 {[%emt 0:04:55]} 28. Na5 $16 {[%emt 0:03:31]} (28. Nc7 $18 Qc6 29. Nxe8 bxc4 30. Nd6 Rxd6 31. Bxd6 Qxd6 32. Qh3 (32. bxc4 Qd4 $18)) 28... Rc8 {[%emt 0:03:01]} 29. c4 {[%emt 0:00:25]} Bd2 {[%emt 0:02:50]} (29... Bf8 $16 30. Bb2 Be7) 30. Bb4 {[%emt 0:03:30]} Bxb4 {[%emt 0:03:03]} 31. Nxb4 {[%emt 0:00:02]} bxc4 {[%emt 0:01:23]} 32. bxc4 {[%emt 0:00:14]} Red8 {[%emt 0:04:12]} 33. Nd5 {[%emt 0:00:11]} Kg7 {[%emt 0:01:23]} 34. Qf3 {[%emt 0:01:49]} Rb8 {[%emt 0:02:31]} 35. c5 {[%emt 0:01:20]} f5 {[%emt 0:06:59]} 36. Ne3 {[%emt 0:00:28]} Rd3 {[%emt 0:06:02]} 37. exf5 {[%emt 0:02:56]} Qf6 {[%emt 0:02:38]} 38. Qe4 {[%emt 0:04:27]} Rd4 {[%emt 0:02:03]} 39. Qc6 {[%emt 0:00:02]} Qg5+ {[%emt 0:01:17]} 40. Qg2 {[%emt 0:00:02]} Qxg2+ {[%emt 0:01:24]} 41. Kxg2 {[%emt 0:00:02]} Rc8 {[%emt 0:00:09]} 42. Rc1 {[%emt 0:00:24]} Kf6 {[%emt 0:01:01]} 43. fxg6 {[%emt 0:00:12]} hxg6 {[%emt 0:00:06]} 44. c6 {[%emt 0:02:13]} Rc7 {[%emt 0:00:38]} 45. Rc5 {[%emt 0:01:11]} Ke6 {[%emt 0:00:27]} 46. Nac4 {[%emt 0:01:58]} a5 {[%emt 0:02:17]} 47. Rxe5+ {[%emt 0:00:40]} Kf7 {[%emt 0:00:29]} 48. Rxa5 {[%emt 0:00:03]} Kg7 {[%emt 0:00:33]} 49. Rc5 {[%emt 0:00:36]} Rd8 {[%emt 0:00:28]} 50. Nd5 {[%emt 0:00:34]} Rxd5 {[%emt 0:00:34]} 51. Rxd5 {[%emt 0:00:02]} Rxc6 {[%emt 0:00:01]} 52. Ne5 {[%emt 0:00:29]} Re6 {[%emt 0:00:26]} 53. f4 {[%emt 0:00:29]} Kh6 {[%emt 0:00:52]} 54. Rd6 {[%emt 0:00:23]} Re8 {[%emt 0:00:37]} 55. Rxg6+ {[%emt 0:00:04]} Kh5 {[%emt 0:00:34]} 56. Rg5+ {[%emt 0:00:02]} Kh6 {[%emt 0:00:13]} 57. Ng4+ {[%emt 0:00:02]} Kh7 {[%emt 0:00:06]} 58. Nf6+ {[%emt 0:00:05]} 1-0

[Event "3rd HoliCup Lake City 2019"]
[Site "Udaipur"]
[Date "2019.03.29"]
[Round "4.10"]
[White "Suvankar, Maity"]
[Black "Aaditya, Dhingra"]
[Result "1/2-1/2"]
[WhiteElo "1911"]
[BlackElo "1742"]
[Annotator "NA"]
[PlyCount "66"]
[EventDate "2019.??.??"]
[EventCountry "IND"]
[SourceTitle "playchess.com"]
[Source "ChessBase"]
[SourceQuality "1"]
[TimeControl "5400+30"]

1. d4 {[%emt 0:02:54]} d5 {[%emt 0:00:00]} 2. Nf3 {[%emt 0:00:12]} Nf6 {[%emt 0:00:00]} 3. c4 {[%emt 0:00:05]} e6 {[%emt 0:00:00]} 4. g3 {[%emt 0:00:13]} dxc4 {[%emt 0:00:10]} 5. Bg2 {[%emt 0:01:23]} a6 {[%emt 0:00:14]} 6. a4 {[%emt 0:00:18]} Nc6 {[%emt 0:00:54] E04: Open Catalan: 5 Nf3} 7. O-O {[%emt 0:01:17]} Bd6 {[%emt 0:03:32]} (7... Rb8 8. e3 Be7 9. Nfd2 e5 10. Bxc6+ bxc6 11. dxe5 Ng4 12. Nxc4 Qd5 13. Qd4 Bc5 14. Qc3 Bb4 15. Qd4 Bc5 16. Qc3 Bb4 17. Qd4 Bc5 {½-½ (17) Arvola,B (2493)-Nikolaidis,I (2544) Batumi 2018}) 8. Nbd2 {[%emt 0:00:46]} O-O {[%emt 0:00:30]} 9. e4 $146 {[%emt 0:03:09]} ({Predecessor:} 9. Nxc4 Rb8 10. Nxd6 cxd6 11. Bg5 h6 12. Bxf6 Qxf6 13. e3 e5 14. dxe5 dxe5 {½-½ (50) Suita Garceso,N (2072)-Campo Echevarria,J (2076) Banyoles 2018}) 9... Be7 {[%emt 0:04:29]} 10. e5 {[%emt 0:00:13]} Nd5 {[%emt 0:00:02]} 11. Nxc4 {[%emt 0:00:38]} Rb8 {[%emt 0:01:26]} 12. Qe2 {[%emt 0:01:10]} b5 {[%emt 0:01:32]} 13. Ne3 {[%emt 0:01:22]} Ncb4 {[%emt 0:00:37]} 14. axb5 {[%emt 0:02:23]} axb5 {[%emt 0:04:29]} 15. Bd2 {[%emt 0:02:25]} Bb7 {[%emt 0:04:07]} 16. Rfc1 {[%emt 0:01:40]} Nxe3 {[%emt 0:01:55]} 17. Bxe3 {[%emt 0:01:14]} Nd5 {[%emt 0:02:55]} 18. Nd2 {[%emt 0:02:24]} Ba8 {[%emt 0:23:51]} 19. Nb3 {[%emt 0:08:01]} Rb6 $16 {[%emt 0:02:43]} (19... Qd7 $11 {keeps the balance.}) 20. Bd2 {[%emt 0:01:30]} b4 {[%emt 0:00:16]} 21. Ra6 {[%emt 0:01:02]} Qb8 {[%emt 0:01:52]} 22. Na5 {[%emt 0:12:05]} Rxa6 {[%emt 0:07:23]} 23. Qxa6 {[%emt 0:00:07]} c5 {[%emt 0:00:10]} 24. dxc5 {[%emt 0:01:34]} Qxe5 {[%emt 0:00:18]} 25. c6 {[%emt 0:00:27]} Qxb2 {[%emt 0:01:23]} 26. c7 {[%emt 0:00:17]} Nxc7 {[%emt 0:03:30]} 27. Rxc7 {[%emt 0:00:12]} Bd8 {[%emt 0:00:42]} 28. Rd7 {[%emt 0:00:13]} Qa1+ {[%emt 0:00:02]} 29. Bf1 {[%emt 0:00:57]} Qxa5 {[%emt 0:00:37]} 30. Bxb4 {[%emt 0:02:52]} Qxb4 {[%emt 0:02:55]} 31. Qxa8 {[%emt 0:00:07]} Bb6 {[%emt 0:00:40]} 32. Qf3 {[%emt 0:00:18]} h6 {[%emt 0:01:32]} 33. Bd3 {[%emt 0:02:05]} Bd8 {[%emt 0:01:13]} 1/2-1/2